00703 a2200169 45000010006000000050017000060080041000230030015000640400040000790800088001192450066002070200018002732640032002913000019003235050164003421000027005062542920260407155538.0260407a1990 arg spa dAR-UNSa-BCEJYS aAR-UNSa-BCEJYSbspacAR-UNSa-BCEJYS a657.05xContabilidad de gestión (Contabilidad gerencial, control de gestión...)10aLa información contable útil para la dirección superior a950-718-003-6 1aBuenos Aires :bTesisc1990 a155 p.c23 cm. a1. Capitulo introductorio - 2. La dirección superior - 3. La información - 4. La información contable - 5. Dirección superior e información contable.1 aFaga, Héctor Alberto